00299nam a22001097a 4500082001600000245003600016250000800052260004700060526003700107526003700144650000800181 a625.18bPAL aPavement Rehabilitation Manual  aFHA aUSbFederal Highway Administrartion c1985 a0b0c0d625_180000000000000_PAL a0b0c0d625_180000000000000_PAL aMCE